Zdravotné poistenie po novom
Dokončenie príspevku o zriadení inštitúcie "Národná poisťovňa" a novom systéme zdravotného poistenia. Správa Fondu zdravotného poistenia a Fondy zdravotného poistenia regionálnych poisťovní.
Gespeichert in:
| 1. Verfasser: | |
|---|---|
| Format: | Buchkapitel |
| Sprache: | Slowakisch |
| Schlagworte: | |
| Tags: |
Keine Tags, Fügen Sie das erste Tag hinzu!
|
MARC
| LEADER | 00000naa a2200000 4500 | ||
|---|---|---|---|
| 001 | r015764 | ||
| 005 | 20221213123723.0 | ||
| 041 | 0 | |a slo | |
| 044 | |a SK | ||
| 245 | 1 | 0 | |a Zdravotné poistenie po novom |c Š. Jaška |
| 520 | |a Dokončenie príspevku o zriadení inštitúcie "Národná poisťovňa" a novom systéme zdravotného poistenia. Správa Fondu zdravotného poistenia a Fondy zdravotného poistenia regionálnych poisťovní. | ||
| 610 | 2 | 0 | |a zdravotníctvo |
| 610 | 2 | 0 | |a zdravie |
| 610 | 2 | 0 | |a zákony |
| 610 | 2 | 0 | |a poistenie nemocenské |
| 610 | 2 | 0 | |a poistenie zdravotné |
| 610 | 2 | 0 | |a NR SR Bratislava |
| 100 | 1 | |a Jaška, Š. | |